000 00515nam a2200217Ia 4500
003 OSt
005 20221007082551.0
006 a|||||r|||| 00| 0
007 ta
008 221006b |||||||| |||| 00| 0 eng d
024 _a21,136
037 _cTextual
040 _aFLL
_cFLL
_beng
041 _2eng
_aeng
082 _aZ2,5, M9
100 _aUpendra B.
_9699165
245 0 _aLiberty and corruption
260 _c1989
942 _hZ2,5, M9
_cTEXL
_2CC
999 _c1166895
_d1166895